| 000 | 00506nam a22001457a 4500 | ||
|---|---|---|---|
| 020 | _a9879835107 | ||
| 080 | _a343.2 V 711 | ||
| 100 | _aVillalpando, Waldo | ||
| 245 | _aDe los Derechos Humanos al Derecho Internacional Penal | ||
| 260 |
_aBuenos Aires _bAbeledo-Perrot _c2000 |
||
| 300 | _a399 p. | ||
| 650 |
_xderechos humanos _xderechos internacional penal _xderechos internacional humanitario _xconflictos armados _xasilo a refugiados _xtribunales internacionales |
||
| 945 |
_asa _d2014-11-17 |
||
| 999 |
_c2716 _d233220 |
||
| 942 | _6_ | ||